Statistics for Vuelta a España Winners

Click here to take the quiz!

General Stats

  • This quiz has been taken 183 times
    (23 since last reset)
  • The average score is 30 of 77

Answer Stats

YearCountryCyclist% Correct
2021SloveniaPrimož Roglič
100%
2020SloveniaPrimož Roglič
100%
2019SloveniaPrimož Roglič
100%
2008SpainAlbero Contador
95%
2012SpainAlberto Contador
95%
2014SpainAlberto Contador
95%
2017Great BritainChris Froome
95%
2011Great BritainChris Froome
95%
2016ColombiaNairo Quintana
90%
2010ItalyVincenzo Nibali
90%
2022BelgiumRemco Evenepoel
86%
2009SpainAlejandro Valverde
76%
1973BelgiumEddy Merckx
76%
1983FranceBernard Hinault
71%
1978FranceBernard Hinault
71%
2015ItalyFabio Aru
71%
1999GermanyJan Ullrich
71%
2006KazachstanAlexander Vinokourov
62%
2007RussiaDenis Menchov
62%
1985SpainPedro Delgado
62%
1989SpainPedro Delgado
62%
2018Great BritainSimon Yates
62%
1992SwitzerlandTony Rominger
62%
1993SwitzerlandTony Rominger
62%
1994SwitzerlandTony Rominger
62%
2013United StatesChris Horner
57%
1979NetherlandsJoop Zoetemelk
57%
1995FranceLaurent Jalabert
52%
1996SwitzerlandAlex Zülle
48%
1997SwitzerlandAlex Zülle
48%
1963FranceJacques Anquetil
48%
1970SpainLuis Ocaña
48%
2000SpainRoberto Heras
48%
2005SpainRoberto Heras
48%
2004SpainRoberto Heras
48%
2003SpainRoberto Heras
48%
1988IrelandSean Kelly
48%
1945SpainDelio Rodríguez
43%
1950SpainEmilio Rodríguez
43%
1967NetherlandsJan Janssen
43%
1987ColombiaLuis Herrera
38%
1968ItalyFelice Gimondi
29%
1964FranceRaymond Poulidor
24%
1998SpainAbraham Olano
19%
2002SpainAitor González
19%
1977BelgiumFreddy Maertens
19%
1982SpainMarino Lejarreta
19%
1969FranceRoger Pingeon
14%
1986SpainÁlvaro Pino
10%
1984FranceÉric Caritoux
10%
1981ItalyGiovanni Battaglin
10%
1991SpainMelcior Mauri
10%
2001SpainÁngel Casero
5%
1961SpainAngelino Soler
5%
1959SpainAntonio Suárez
5%
1980SpainFaustino Rupérez
5%
1966SpainFrancisco Gabica
5%
1955FranceJean Dotto
5%
1958FranceJean Stablinski
5%
1974SpainJosé Manuel Fuente
5%
1972SpainJosé Manuel Fuente
5%
1976SpainJosé Pesarrodona
5%
1941SpainJulián Berrendero
5%
1942SpainJulián Berrendero
5%
1990ItalyMarco Giovannetti
5%
1965West GermanyRolf Wolfshohl
5%
1962West GermanyRudi Altig
5%
1975SpainAgustín Tamames
0%
1956ItalyAngelo Conterno
0%
1948SpainBernardo Ruiz
0%
1946SpainDalmacio Langarica
0%
1947BelgiumEdward Van Dijck
0%
1971BelgiumFerdinand Bracke
0%
1960BelgiumFrans De Mulder
0%
1936BelgiumGustaaf Deloor
0%
1935BelgiumGustaaf Deloor
0%
1957SpainJesús Loroño
0%

Score Distribution

Percentile by Number Answered

Percent of People with Each Score

Your Score History

You have not taken this quiz since the last reset